Redensarten kleine idiomatik der deutschen Sprache

Na minha lista:
Detalhes bibliográficos
Autor principal: Görner, Herbert
Formato: Livro
Idioma:alemão
Publicado em: Leipzig Bibliographisches Institut 1979
Tags: Adicionar Tag
Sem tags, seja o primeiro a adicionar uma tag!

MARC

LEADER 00000nam a2200000 4500
001 0223099
005 20240822101703.2
041 0 |a ger 
044 |a DE 
245 1 0 |a Redensarten  |b kleine idiomatik der deutschen Sprache  |c Herbert Görner 
264 1 |a Leipzig  |b Bibliographisches Institut  |c 1979 
300 |a 262 s. 
100 1 |a Görner, Herbert